000 005070000a22001570004500
090 _aAR
_b04105
245 1 0 _aAnt-plant association in two Tococa Species from a primary rain forest of Colombian Choco (Hymenoptera: Formicidae)
041 0 _aInglés
700 1 _aArmbrecht, Inge
_923314
700 1 _aJiménez, Elizabeth
_92483
700 1 _aArmbrecht, Heidi
_998011
700 1 _aUlloa Chacón, Patricia
_996141
100 1 _aAlvarez, Gustavo
_992468
942 _cARTICULO
773 1 _h3
_q585-602
_d2001
_g38
999 _c13203
_d13203